| 000 | 00532nam a2200181Ia 4500 | ||
|---|---|---|---|
| 008 | 240925s9999 xx 000 0 und d | ||
| 020 | _a9783030024833 | ||
| 082 | _a621.3815 IZA | ||
| 100 | _a Izadian, Afshin | ||
| 245 | 0 | _aFundamentals of modern electric circuit analysis and filter synthesis: a transfer function approach | |
| 250 | _aN/A | ||
| 260 |
_aNew York: _bSpringer _c,2019. |
||
| 300 |
_a532p. _bNA _fOriginal |
||
| 500 | _aIncludes Index | ||
| 600 | _aEngineering Technology | ||
| 650 | _aTechnology | ||
| 942 | _cBK | ||
| 999 |
_c18282 _d18282 |
||